Normal view
MARC view
Entry Genre/Form Term
001 - CONTROL NUMBER
- control field: 374
003 - CONTROL NUMBER IDENTIFIER
- control field: NUST
005 - DATE AND TIME OF LATEST TRANSACTION
- control field: 20170510200739.0
008 - FIXED-LENGTH DATA ELEMENTS
- fixed length control field: 170510|| aca||aabn | a|a d
040 ## - CATALOGING SOURCE
- Original cataloging agency: NUST
- Transcribing agency: NUST
155 ## - HEADING--GENRE/FORM TERM
- Genre/form term:
- General subdivision: Naval
670 ## - SOURCE DATA FOUND
- Source citation: Work cat.: (NUST)311748: Sajida Rehana Kallo 373, Shehr-e-Babool (urdu), 2009
